Debajo de la piel / (Record no. 177936)

MARC details
000 -LEADER
campo de control de longitud fija 00534namaa22001811 4500
001 - NÚMERO DE CONTROL
campo de control 177936
003 - IDENTIFICADOR DE NÚMERO DE CONTROL
campo de control ES-MaACL
005 - FECHA Y HORA DE LA ÚLTIMA TRANSACCIÓN
campo de control 20230906220441.0
008 - DATOS DE LONGITUD FIJA--INFORMACIÓN GENERAL
campo de control de longitud fija 110510s1972 sp |||| | spa d
080 ## - NÚMERO DE LA CLASIFICACIÓN DECIMAL UNIVERSAL
Número de la Clasificación Decimal Universal 821.111-31"19"
100 1# - ENTRADA PRINCIPAL--NOMBRE DE PERSONA
Nombre de persona Leslie, Warren.
9 (RLIN) 146428
245 10 - MENCIÓN DEL TÍTULO
Título Debajo de la piel /
Mención de responsabilidad, etc. Leslie Warren ; [traducido por Jaime Maceín Sinova].
250 ## - MENCION DE EDICION
Mención de edición 1ª ed.
260 ## - PUBLICACIÓN, DISTRIBUCIÓN, ETC.
Lugar de publicación, distribución, etc. Barcelona :
Nombre del editor, distribuidor, etc. Grijalbo,
Fecha de publicación, distribución, etc. [1972]
300 ## - DESCRIPCIÓN FÍSICA
Extensión 405 p., 1 h. ;
Dimensiones 20 cm.
700 0# - ENTRADA AGREGADA--NOMBRE PERSONAL
Nombre de persona Macein Sinova, Jaime.
9 (RLIN) 75138
852 ## - LOCALIZACIÓN
Ubicación ES-MaACL
Número de control de estantería C-43192
Holdings
Estatus retirado Estado de pérdida Estado de daño No para préstamo Biblioteca de origen Biblioteca actual Ubicación en estantería Fecha de adquisición Fuente de adquisición Total de préstamos Signatura topográfica completa Código de barras Visto por última vez Precio de reemplazo Tipo de ítem Koha
        Biblioteca del Ateneo de Madrid Biblioteca del Ateneo de Madrid Depósito 2 10/05/2011     C-43192 1186927 23/02/2023 23/02/2023 Libro impreso